Los objetivos en la política exterior latinoamericana
Kaydedildi:
| Yazar: | |
|---|---|
| Materyal Türü: | Kitap |
| Dil: | İspanyolca |
| Baskı/Yayın Bilgisi: |
Córdoba
Universidad Nacional de Córdoba
1990
|
| Konular: | |
| Etiketler: |
Etiketle
Etiket eklenmemiş, İlk siz ekleyin!
|
MARC
| LEADER | 00000nam a2200000 a 4500 | ||
|---|---|---|---|
| 001 | UCO8278 | ||
| 003 | CL-VaPUC | ||
| 005 | 20230913132107.0 | ||
| 008 | 001201e19900000ag 1 spa d | ||
| 082 | 0 | 4 | |a 327.098 |b WIL |2 21 |
| 100 | |a Wilhelmy von Wolff, Manfred |e autor |9 619847 | ||
| 245 | 1 | 4 | |a Los objetivos en la política exterior latinoamericana |
| 260 | |a Córdoba |b Universidad Nacional de Córdoba |c 1990 | ||
| 300 | |a 20 p | ||
| 500 | |a Donación del profesor Manfred Wilhelmy von Wolff | ||
| 583 | |a last modification |c 20190821 11:34:02 |k Rodrigo Vera | ||
| 650 | 0 | 0 | |a Política exterior |9 316628 |
| 650 | 0 | 0 | |a Relaciones Internacionales |9 255740 |
| 651 | 0 | |a América Latina |9 255027 | |
| 942 | |c BK | ||
| 945 | |a crobeson |d 20001201 00:00:00 | ||
| 546 | |a En Español | ||
| 536 | |a UNESCO | ||
| 518 | |p Bases y Condiciones para la Estructuración de la Maestría en Relaciones Internacionales, 1, Córdoba, 31 de mayo y 1 de junio de 1990 | ||
| 999 | |c 383618 |d 383616 | ||
| 952 | |0 0 |1 0 |4 0 |6 327_098000000000000_WIL_1990 |7 0 |8 A |9 505801 |a BIBHIS |b BIBHIS |d 2020-01-23 |i 1236245 |o 327.098 WIL 1990 |p 1236245 |r 2025-01-20 |w 2020-01-23 |y BK |k HIS | ||